Normal view
MARC view
Entry Topical Term
001 - CONTROL NUMBER
- control field: 18453
003 - CONTROL NUMBER IDENTIFIER
- control field: ARRUPE
005 - DATE AND TIME OF LATEST TRANSACTION
- control field: 20150720132013.0
008 - FIXED-LENGTH DATA ELEMENTS
- fixed length control field: 150720|| aca||aabn | a|a d
040 ## - CATALOGING SOURCE
- Original cataloging agency: ARRUPE
- Transcribing agency: ARRUPE
150 ## - HEADING--TOPICAL TERM
- Topical term or geographic name as entry element: Sociology
670 ## - SOURCE DATA FOUND
- Source citation: Work cat.: (ARRUPE)0: Bernal, J. D. (John Desmond), 1901- 18452, The social function of science, [1967, c1939]